000 00970nmm a2200289 a 4500
001 ocm000660851
003 TR-IsHL
005 20201028141137.0
008 131219s2005 tu tur
007 cr cn
020 _a9789757215585
035 _a660851
_b(N$T)
050 0 4 _aHC492
_b.O63 2005
090 0 4 _aHC492
_b.O63 2005
245 1 0 _a15. yılında MÜSİAD: bir yokuş yukarı yüzüşün öyküsü
_h[electronic resource] /
_ceditör Şükrullah Dolu
260 _aİstanbul :
_bMÜSİAD,
_c2005
300 _a64 p.
650 4 _aEkonomi ve Finans
650 4 _aEconomics and Finance
650 0 _aEkonomi
_x Türkiye
650 0 _aEconomics
_x Turkey
650 0 _aEkonomi politikası
_x Türkiye
650 0 _aEconomic policy
_x Turkey
650 7 _aBUSINESS & ECONOMICS / Economic Conditions
_2bisacsh
700 1 _aDolu, Şükrullah
856 4 0 _uhttp://search.ebscohost.com/login.aspx?direct=true&scope=site&db=e011xww&AN=660851
999 _c7661
_d7661